[Event "Budapest FS12 IM-A"]
[Site "Budapest"]
[Date "2001.12.06"]
[Round "6"]
[White "Resika, Nathan A"]
[Black "Boguszlavszkij, Jevgenyij"]
[Result "0-1"]
[WhiteElo "2182"]
[BlackElo "2268"]
[PlyCount "202"]
[EventDate "2001.12.01"]
[Source "ChessBase"]
[SourceDate "2002.01.21"]

1. e4 c6 2. d4 d5 3. Nc3 b5 4. a3 dxe4 5. Nxe4 Nf6 6. Nxf6+ exf6 7. Nf3 Bd6 8. g3 O-O 9. Bg2 Be6 10. O-O Bd5 11. b3 Nd7 12. Bb2 a5 13. Qd3 Rb8 14. Rfe1 Re8 15. Rxe8+ Qxe8 16. Qd2 a4 17. Re1 Qf8 18. Qc1 Nb6 19. Nd2 Bxg2 20. Kxg2 Rc8 21. c4 c5 22. dxc5 Bxc5 23. b4 Bd6 24. c5 Bb8 25. Qd1 Nd5 26. Qe2 Nc7 27. Ne4 Re8 28. Nxf6+ gxf6 29. Qg4+ Qg7 30. Rxe8+ Nxe8 31. Qc8 Kf8 32. Qxb8 Qg4 33. Qf4 Qxf4 34. gxf4 Ke7 35. Kf3 Ke6 36. Ke4 f5+ 37. Kd4 Nc7 38. Bc1 Nd5 39. Be3 Ne7 40. c6 Kd6 41. c7 Nc6+ 42. Kd3 Kxc7 43. Bc5 Kd7 44. Bf8 Ke6 45. Bc5 Kd5 46. Be3 Nd8 47. f3 Ne6 48. Kc3 Nf8 49. Bf2 Ng6 50. Bg3 Nf8 51. Bf2 Ne6 52. Be3 Kd6 53. Kd3 Ke7 54. Bd2 Kf6 55. Be3 Ke7 56. Bd2 Nd8 57. Be3 Kd6 58. Bc5+ Kd5 59. Be3 Nc6 60. Kc3 Ke6 61. Kd3 Kf6 62. Bd4+ Ke6 63. Be3 Ne7 64. Kd4 Nd5 65. Bd2 Kd6 66. Bc1 Ne7 67. Bd2 Nc6+ 68. Kd3 Kd5 69. Be3 h5 70. h4 Ne7 71. Bf2 Ke6 72. Be1 Kd6 73. Bf2 Nd5 74. Kd4 Nb6 75. Be3 Nc4 76. Bc1 Kc6 77. Kc3 Kd5 78. Kd3 Nd6 79. Bd2 Nc8 80. Be3 Ne7 81. Bf2 Ke6 82. Kd4 Kd6 83. Kd3 Kd5 84. Be1 Nc8 85. Bd2 Nb6 86. Be3 Nd7 87. Bd2 Nf8 88. Be1 Ne6 89. Bd2 Nd4 90. Be1 Nxf3 91. Bf2 Nh2 92. Bd4 Ng4 93. Bg1 Nf6 94. Ba7 Nd7 95. Bd4 Nf8 96. Bf2 Ng6 97. Bg3 f6 98. Ke3 Kc4 99. Be1 Nf8 100. Bd2 Ne6 101. Bc1 Kc3 0-1

[Event "24th Open"]
[Site "Bad Woerishofen GER"]
[Date "2008.03.07"]
[Round "9"]
[White "Gurack, D."]
[Black "Salvermoser, B."]
[Result "0-1"]
[WhiteElo "2152"]
[BlackElo "2296"]
[PlyCount "91"]
[EventDate "2008.02.28"]
[Source "www.chesslib.no"]
[SourceDate "2004.05.04"]

1. e4 c6 2. d4 d5 3. Nc3 b5 4. a3 dxe4 5. Nxe4 Nf6 6. Nxf6+ exf6 7. Be3 a6 8. Be2 Bd6 9. Bf3 O-O 10. Ne2 Qc7 11. Qd2 Re8 12. Kf1 Bf5 13. a4 Nd7 14. Qc3 Rac8 15. axb5 axb5 16. Ng3 Bg6 17. Bg4 Ra8 18. Ke2 Nb6 19. Rxa8 Rxa8 20. Bf3 Nd5 21. Bxd5 cxd5 22. Qxc7 Bxc7 23. f4 h5 24. Re1 h4 25. f5 hxg3 26. fxg6 gxh2 27. gxf7+ Kxf7 28. Kf3 Ra2 29. Bc1 Ra1 30. g3 f5 31. Rh1 Bd6 32. Kg2 g5 33. Kxh2 f4 34. Kg2 Kg6 35. gxf4 Bxf4 36. Bxf4 Rxh1 37. Kxh1 gxf4 38. Kg2 Kg5 39. Kf3 Kf5 40. c3 Kg5 41. Kf2 Kg4 42. b4 f3 43. c4 bxc4 44. b5 c3 45. b6 c2 46. b7 0-1

[Event "Oberwart (open)"]
[Site "?"]
[Date "2004.07.13"]
[Round "4.28"]
[White "Schnider Gert"]
[Black "Mueller Roland"]
[Result "1-0"]
[WhiteElo "2314"]
[BlackElo "2097"]
[PlyCount "110"]
[EventDate "2004.??.??"]
[Source "www.chesslib.no"]
[SourceDate "2004.05.04"]

1. e4 c6 2. d4 d5 3. Nc3 b5 4. a3 dxe4 5. Nxe4 Nf6 6. Nxf6+ exf6 7. Nf3 Be6 8. Bd3 Bd6 9. O-O O-O 10. Bd2 a5 11. b4 a4 12. Rc1 Na6 13. c4 Nc7 14. d5 bxc4 15. Bxh7+ Kxh7 16. dxe6 Nb5 17. Qc2+ g6 18. Qxc4 Nxa3 19. Qxc6 Qe7 20. exf7 Rfc8 21. Qb6 Nc4 22. Qd4 Nxd2 23. Nxd2 Qe5 24. Qh4+ Qh5 25. Qxh5+ gxh5 26. b5 Kg7 27. Nc4 Rxc4 28. Rxc4 a3 29. Ra1 Be5 30. Ra2 Kxf7 31. g3 Ke6 32. f4 Kd5 33. Rc6 Bd4+ 34. Kg2 Bb2 35. Rc2 Bd4 36. Kf3 Ra5 37. Rc1 Bb2 38. Rb1 Kc4 39. Rbxb2 axb2 40. Rxb2 Kc3 41. Re2 Rxb5 42. Re6 Rb2 43. h4 Kd4 44. Rxf6 Rb3+ 45. Kg2 Rb2+ 46. Kh3 Ke4 47. Re6+ Kf3 48. Re1 Ra2 49. Rf1+ Ke2 50. Kg2 Ke3+ 51. Kg1 Ke4 52. Rf2 Ra1+ 53. Kg2 Kf5 54. Kh3 Rh1+ 55. Rh2 Rg1 1-0

[Event "Wch U20"]
[Site "Graz"]
[Date "1978.??.??"]
[Round "11"]
[White "Kamel, Nabil"]
[Black "Taruffi, Daniele"]
[Result "0-1"]
[WhiteElo "2200"]
[BlackElo "2200"]
[PlyCount "92"]
[EventDate "1978.09.??"]
[Source "ChessBase"]

1. e4 c6 2. d4 d5 3. Nc3 b5 4. a3 dxe4 5. Nxe4 Bf5 6. Ng3 Bg6 7. Nf3 Nd7 8. h4 h6 9. h5 Bh7 10. Bd3 Bxd3 11. Qxd3 Ngf6 12. Bd2 e6 13. Ne4 Qc7 14. Nxf6+ Nxf6 15. Ne5 Bd6 16. Bf4 O-O 17. Qg3 Kh7 18. Qd3+ Kg8 19. Qe2 Nd5 20. Bd2 c5 21. Nf3 a6 22. c3 Rfd8 23. g3 Rac8 24. Kf1 Qb7 25. Kg1 Nb6 26. Rh4 Nc4 27. Rb1 Be7 28. Rg4 Nxd2 29. Nxd2 Rd5 30. Nf1 cxd4 31. cxd4 Rcd8 32. Rd1 Qa7 33. Ne3 Rxd4 34. Rgxd4 Rxd4 35. Rc1 Rd8 36. Qf3 Bg5 37. Rc3 Bxe3 38. Rxe3 Qd4 39. Re2 Rd5 40. Rc2 Rf5 41. Qe2 Rg5 42. Qf3 Rxg3+ 43. Qxg3 Qd1+ 44. Kg2 Qxc2 45. b4 Qe4+ 46. Kf1 Qh1+ 0-1

[Event "Slovakia"]
[Site "?"]
[Date "2001.??.??"]
[Round "7"]
[White "Machalova Veronika"]
[Black "Martiska Peter"]
[Result "1-0"]
[WhiteElo "2108"]
[BlackElo "2265"]
[PlyCount "107"]
[EventDate "2001.??.??"]
[Source "www.chesslib.no"]
[SourceDate "2004.05.04"]

1. e4 c6 2. d4 d5 3. Nc3 b5 4. a3 dxe4 5. Nxe4 Nf6 6. Ng3 g6 7. Nf3 Bg7 8. Be2 Nbd7 9. O-O O-O 10. a4 b4 11. c4 bxc3 12. bxc3 Nd5 13. Qc2 Qc7 14. Bb2 Rb8 15. Rab1 Nf4 16. Ba3 Rxb1 17. Rxb1 Nxe2+ 18. Qxe2 Re8 19. Ne4 Nf6 20. Nxf6+ Bxf6 21. Bc5 Bf5 22. Rb4 h5 23. h3 Ra8 24. Qe3 a5 25. Rb2 Rb8 26. Rxb8+ Qxb8 27. Bxe7 Bg7 28. Bc5 Bc2 29. Ng5 Bxa4 30. Qf3 Qb7 31. Ne4 Bb3 32. Nf6+ Kh8 33. Ne8 Bd5 34. Qg3 Qb1+ 35. Kh2 Qe4 36. Nxg7 Kxg7 37. f3 Qe3 38. Qb8 Kh7 39. Bd6 Qe6 40. Qd8 Kg7 41. Qf8+ Kh7 42. Be5 f6 43. Bxf6 Qg8 44. Qe7+ Bf7 45. Qa7 Qe8 46. Qxa5 Kg8 47. Qg5 Qe6 48. Be5 Kh7 49. Bf4 Be8 50. Qh6+ Kg8 51. Be5 Qd7 52. Qh8+ Kf7 53. d5 cxd5 54. Qg7+ 1-0

[Event "Pologne (championnat clubs ligue 2)"]
[Site "?"]
[Date "2004.09.07"]
[Round "5.56"]
[White "Krzesaj Robert"]
[Black "Lepiarczyk Wojciech"]
[Result "1/2-1/2"]
[WhiteElo "2180"]
[BlackElo "2172"]
[PlyCount "46"]
[EventDate "2004.??.??"]
[Source "www.chesslib.no"]
[SourceDate "2004.05.04"]

1. e4 c6 2. d4 d5 3. Nc3 b5 4. a3 a6 5. g3 e6 6. Bg2 Nf6 7. Nge2 Be7 8. O-O O-O 9. Nf4 Nbd7 10. e5 Ne8 11. b4 a5 12. Rb1 Nb6 13. Nd3 Nc4 14. Ne2 Ra7 15. c3 Nc7 16. Kh1 Re8 17. Ng1 g6 18. Nf3 Na8 19. Nd2 Nab6 20. Nb3 Na4 21. Qc2 Kg7 22. Ra1 Rh8 23. Nd2 Ncb6 1/2-1/2

[Event "Triesen (03.05.-11.05)"]
[Site "?"]
[Date "2002.05.11"]
[Round "9"]
[White "Klovans Janis"]
[Black "Nadenau Oskar"]
[Result "1-0"]
[WhiteElo "2394"]
[BlackElo "1941"]
[PlyCount "65"]
[EventDate "2002.??.??"]
[Source "www.chesslib.no"]
[SourceDate "2004.05.04"]

1. e4 c6 2. d4 d5 3. Nc3 b5 4. a3 dxe4 5. Nxe4 Nf6 6. Nxf6+ exf6 7. Nf3 Bg4 8. Bd3 Bd6 9. Qe2+ Qe7 10. Qxe7+ Bxe7 11. Nd2 a6 12. a4 b4 13. Nc4 Be6 14. Nb6 Ra7 15. Be3 Bd5 16. Nc8 Rb7 17. Nxe7 Rxe7 18. Kd2 a5 19. Rhe1 Kd7 20. f3 g6 21. c3 bxc3+ 22. bxc3 Rd8 23. Rab1 Ke8 24. Bf4 Rxe1 25. Rxe1+ Kf8 26. Bc7 Rc8 27. Bxa5 Nd7 28. Bb4+ Kg7 29. a5 c5 30. dxc5 Nxc5 31. Bxc5 Rxc5 32. Ra1 f5 33. a6 1-0

[Event "Tbilisi Nabeglavi op"]
[Site "?"]
[Date "2001.11.??"]
[Round "?"]
[White "Morchiashvili Bachana"]
[Black "Gurgenidze Bukhuti"]
[Result "1-0"]
[WhiteElo "2109"]
[BlackElo "2217"]
[PlyCount "75"]
[EventDate "2001.??.??"]
[Source "www.chesslib.no"]
[SourceDate "2004.05.04"]

1. e4 c6 2. d4 d5 3. Nc3 b5 4. a3 a6 5. Nf3 Bg4 6. Be2 e6 7. O-O Nf6 8. h3 Bxf3 9. Bxf3 Be7 10. Bf4 O-O 11. Qd3 Nbd7 12. e5 Ne8 13. Ne2 c5 14. dxc5 Nxc5 15. Qd2 Rc8 16. Nd4 Qb6 17. b4 Na4 18. Be2 Nc7 19. Be3 Qb7 20. f4 f5 21. exf6 Bxf6 22. Bg4 Rfe8 23. Rae1 Nb6 24. Qf2 Nc4 25. Bc1 Nd6 26. Nxe6 Ne4 27. Rxe4 dxe4 28. Nc5 Qd5 29. Rd1 Qc4 30. Bxc8 Rxc8 31. Be3 Be7 32. Rd4 Qa2 33. Rxe4 Bxc5 34. Bxc5 Qxa3 35. Qd4 Qc1+ 36. Kh2 Re8 37. Rxe8+ Nxe8 38. Qd5+ 1-0

[Event "Spring Open"]
[Site "Budapest HUN"]
[Date "1995.??.??"]
[Round "?"]
[White "Peredy, Ferenc"]
[Black "Schlusnik, Nandor"]
[Result "1/2-1/2"]
[WhiteElo "2230"]
[BlackElo "2095"]
[PlyCount "24"]
[EventDate "1995.??.??"]
[Source "www.chesslib.no"]
[SourceDate "2004.05.04"]

1. e4 c6 2. d4 d5 3. Nc3 b5 4. a3 a6 5. Nf3 Bg4 6. h3 Bxf3 7. Qxf3 e6 8. Be3 Qa5 9. Bd2 Qb6 10. Be3 Qa5 11. Bd2 Qb6 12. Be3 Qa5 1/2-1/2

[Event "EU-ch U16 Girls"]
[Site "Litohoto"]
[Date "1999.09.07"]
[Round "5"]
[White "Makka, Ioulia"]
[Black "Charkhalashvili, Inga"]
[Result "0-1"]
[WhiteElo "2099"]
[BlackElo "2205"]
[PlyCount "114"]
[EventDate "1999.09.03"]
[Source "ChessBase"]
[SourceDate "1999.11.18"]

1. e4 c6 2. d4 d5 3. Nc3 b5 4. exd5 b4 5. Nce2 cxd5 6. Nf3 e6 7. Ne5 Nd7 8. Bf4 Ngf6 9. Ng1 Nxe5 10. Bxe5 Nd7 11. Bb5 Qb6 12. Qd3 f6 13. Bg3 Bd6 14. Ne2 O-O 15. Bxd6 Qxd6 16. Qg3 e5 17. O-O Ba6 18. Bxa6 Qxa6 19. Rfe1 Qc6 20. Rac1 a5 21. Qg4 f5 22. Qf3 e4 23. Qg3 Nf6 24. Nf4 Rac8 25. c3 Nd7 26. h4 Nf6 27. Rc2 a4 28. b3 axb3 29. axb3 bxc3 30. Rec1 Qd6 31. Rxc3 Rxc3 32. Rxc3 Ra8 33. Rc1 Qa3 34. Qc3 Qd6 35. Qg3 Ng4 36. Ne2 Qa6 37. Nc3 Qa1 38. Ne2 Qa6 39. Nf4 Rc8 40. Re1 Qa5 41. f3 Qc3 42. Kh1 Nf6 43. Kh2 Qxb3 44. Ne6 Qb8 45. Re2 Qxg3+ 46. Kxg3 Nh5+ 47. Kf2 Rc4 48. g4 fxg4 49. fxe4 dxe4 50. Rxe4 g3+ 51. Kg2 Rc2+ 52. Kg1 Kf7 53. Ng5+ Kg6 54. Re5 Nf4 55. h5+ Kxh5 56. Nxh7+ Kg4 57. Re1 Nh3+ 0-1

[Event "Regionalliga SO 0203"]
[Site "?"]
[Date "2003.01.26"]
[Round "5.2"]
[White "Danzer George"]
[Black "Autengruber Robert"]
[Result "1-0"]
[WhiteElo "2127"]
[BlackElo "2169"]
[PlyCount "81"]
[EventDate "2003.??.??"]
[Source "www.chesslib.no"]
[SourceDate "2004.05.04"]

1. e4 c6 2. d4 d5 3. Nc3 b5 4. exd5 b4 5. Ne4 cxd5 6. Ng3 Nf6 7. Nf3 e6 8. Bd3 Be7 9. O-O O-O 10. Ne5 Qb6 11. Nh5 Ba6 12. Bxa6 Qxa6 13. Bg5 Qb7 14. Bxf6 Bxf6 15. Nxf6+ gxf6 16. Nd3 Qe7 17. Re1 Nd7 18. Qd2 Kh8 19. Nxb4 Qd6 20. Re3 Rg8 21. Rg3 Rxg3 22. hxg3 Rg8 23. Re1 Rg4 24. c3 Kg7 25. Qd1 f5 26. Nd3 h5 27. Qf3 h4 28. gxh4 Rxh4 29. Ne5 Rh7 30. Qg3+ Kf6 31. Qg8 Nf8 32. g4 fxg4 33. Nxg4+ Ke7 34. Qg5+ f6 35. Nxf6 Qh2+ 36. Kf1 Qh3+ 37. Ke2 Rf7 38. Nxd5+ Kd7 39. Nf6+ Kc7 40. Ne4 Rf5 41. Qg3+ 1-0

[Event "Southend"]
[Site "?"]
[Date "2004.04.10"]
[Round "4"]
[White "Millward David J"]
[Black "Goldberg Jeff A"]
[Result "1/2-1/2"]
[WhiteElo "2087"]
[BlackElo "2199"]
[PlyCount "38"]
[EventDate "2004.??.??"]
[Source "www.chesslib.no"]
[SourceDate "2004.05.04"]

1. e4 c6 2. d4 d5 3. Nc3 b5 4. a3 a6 5. Be3 dxe4 6. Nxe4 Bf5 7. Ng3 Bg6 8. Nf3 Nd7 9. Bd3 e6 10. O-O Ngf6 11. c3 Be7 12. Re1 O-O 13. Bxg6 hxg6 14. Qc2 Qc7 15. Ne4 c5 16. Nxc5 Nxc5 17. dxc5 Bxc5 18. Bxc5 Qxc5 19. Rad1 Rfd8 1/2-1/2

[Event "IV Campionato UE"]
[Site "Liverpool ING"]
[Date "2008.09.17"]
[Round "9"]
[White "O'Rourke, R."]
[Black "Surtees, M."]
[Result "0-1"]
[WhiteElo "2062"]
[BlackElo "2182"]
[PlyCount "92"]
[EventDate "2008.09.09"]
[Source "www.chesslib.no"]
[SourceDate "2004.05.04"]

1. e4 c6 2. d4 d5 3. Nc3 b5 4. exd5 b4 5. Ne4 cxd5 6. Ng3 e6 7. Nf3 Bd6 8. Bd3 Nc6 9. O-O h5 10. Re1 Nge7 11. Bb5 Qb6 12. Bxc6+ Qxc6 13. Ne5 Bxe5 14. Rxe5 h4 15. Nh5 f6 16. Nxg7+ Kf7 17. Rh5 Ba6 18. Bh6 Rxh6 19. Rxh6 Kxg7 20. Rxh4 Ng6 21. Rh3 Rc8 22. Rc1 Qd6 23. a3 f5 24. g3 bxa3 25. bxa3 Bb5 26. Qd2 f4 27. Kh1 Qf8 28. gxf4 Qxf4 29. Qxf4 Nxf4 30. Rg1+ Kf6 31. Rf3 Kf5 32. c3 Be2 33. Re3 Rb8 34. Re1 Rb2 35. h3 a5 36. Kh2 Bc4 37. Re5+ Kf6 38. Kg3 Ne2+ 39. Kg4 Kf7 40. f4 Bd3 41. Kg5 Nxc3 42. Kh4 Bf5 43. R5e3 Ne4 44. Rc1 Rb8 45. Rxe4 dxe4 46. Kg5 Rg8+ 0-1

[Event "POL-chT2"]
[Site "?"]
[Date "2003.09.08"]
[Round "4"]
[White "Sobczak Miroslaw"]
[Black "Lepiarczyk Wojciech"]
[Result "1-0"]
[WhiteElo "2049"]
[BlackElo "2161"]
[PlyCount "94"]
[EventDate "2003.??.??"]
[Source "www.chesslib.no"]
[SourceDate "2004.05.04"]

1. e4 c6 2. d4 d5 3. Nc3 b5 4. a3 a6 5. Nf3 Bg4 6. Be2 e6 7. Bf4 Nf6 8. exd5 cxd5 9. Ne5 Bxe2 10. Nxe2 Nbd7 11. Bg5 Qb6 12. Nxd7 Nxd7 13. c3 Bd6 14. Bf4 Be7 15. O-O O-O 16. Qd3 a5 17. Rfc1 Rfc8 18. h3 Qc6 19. Kh1 Nb6 20. Ng1 Nc4 21. Qe2 Qb7 22. Nf3 h6 23. Kg1 Bf8 24. Kh1 Ra6 25. g4 Rac6 26. g5 hxg5 27. Nxg5 f6 28. Nf3 g5 29. Rg1 Bh6 30. Bxg5 fxg5 31. Nxg5 Bxg5 32. Rxg5+ Kf8 33. Rag1 Qf7 34. Qg4 Qxf2 35. b3 Ke7 36. Rg7+ Kd6 37. Qg5 Qf3+ 38. Kh2 R6c7 39. bxc4 bxc4 40. Qe5+ Kc6 41. Rxc7+ Rxc7 42. Qxe6+ Kb5 43. Qe8+ Rc6 44. Rb1+ Ka4 45. Qxc6+ Kxa3 46. Qd6+ Ka2 47. Rg1 Qe3 1-0

[Event "FRA-chT3 Gr5 0203"]
[Site "?"]
[Date "2002.11.16"]
[Round "2"]
[White "Smilga Andrei"]
[Black "Duplessy Franck"]
[Result "1-0"]
[WhiteElo "1930"]
[BlackElo "2130"]
[PlyCount "77"]
[EventDate "2002.??.??"]
[Source "www.chesslib.no"]
[SourceDate "2004.05.04"]

1. e4 c6 2. d4 d5 3. Nc3 b5 4. a3 dxe4 5. Nxe4 e6 6. Nf3 Nd7 7. Bf4 Nb6 8. Bd3 Nf6 9. O-O Nbd5 10. Bg3 Be7 11. Ne5 Bb7 12. Nc5 Qb6 13. c4 bxc4 14. Nxc4 Qb5 15. Nd6+ Bxd6 16. Bxb5 Bxc5 17. dxc5 cxb5 18. Qe2 Bc6 19. Bd6 Kd7 20. Rfd1 a6 21. Bg3 Rhc8 22. Qe5 Ra7 23. Bh4 Ke8 24. f4 Kf8 25. Rd3 Rd7 26. Rad1 Rcd8 27. Bxf6 gxf6 28. Qh5 Ke7 29. Qxh7 Nxf4 30. Rxd7+ Rxd7 31. Rxd7+ Bxd7 32. Qe4 Nd5 33. h4 Kf8 34. Qg4 f5 35. Qd4 Bc6 36. Qh8+ Ke7 37. Qc8 Be8 38. Qxa6 Nf6 39. Qd6# 1-0

[Event "Augustow op-B"]
[Site "Augustow"]
[Date "1996.??.??"]
[Round "?"]
[White "Zakonnik, Andrzej"]
[Black "Pawlus, Grzegorz"]
[Result "1/2-1/2"]
[WhiteElo "2065"]
[BlackElo "1985"]
[PlyCount "100"]
[EventDate "1996.??.??"]
[Source "www.chesslib.no"]
[SourceDate "2004.05.04"]

1. e4 c6 2. d4 d5 3. Nc3 b5 4. exd5 b4 5. Ne4 cxd5 6. Nc5 e6 7. Bb5+ Nd7 8. Bf4 Qb6 9. Bxd7+ Bxd7 10. Nxd7 Kxd7 11. Ne2 Nf6 12. O-O Bd6 13. c3 Bxf4 14. Nxf4 bxc3 15. bxc3 Rhc8 16. Nd3 Ke7 17. Qa4 Rab8 18. Qa3+ Ke8 19. Nc5 Nd7 20. Nd3 a5 21. Rfe1 Rc4 22. Rac1 Qc7 23. Nb2 Rc6 24. c4 Qb6 25. cxd5 Rxc1 26. Rxc1 Qb4 27. Qxb4 Rxb4 28. Nc4 exd5 29. Nxa5 Ra4 30. Nc6 Nb6 31. g3 Rxa2 32. Re1+ Kf8 33. Rb1 Nd7 34. Rb5 Rc2 35. Rxd5 Rxc6 36. Rxd7 Ke8 37. Rd5 Ke7 38. Kg2 Rc3 39. Ra5 Rd3 40. d5 g6 41. Ra7+ Ke8 42. Ra5 Ke7 43. g4 h6 44. f3 Kf6 45. h4 Ke5 46. Ra7 f6 47. Rh7 h5 48. gxh5 gxh5 49. Rxh5+ Kf4 50. Rh6 f5 1/2-1/2

[Event "Bad Bevensen (19.06.-27.06)"]
[Site "?"]
[Date "2004.06.27"]
[Round "9.20"]
[White "Hunold Rolf"]
[Black "Bauer Wolfgang[36Bremen"]
[Result "1-0"]
[WhiteElo "2114"]
[BlackElo "1924"]
[PlyCount "27"]
[EventDate "2004.??.??"]
[Source "www.chesslib.no"]
[SourceDate "2004.05.04"]

1. e4 c6 2. d4 d5 3. Nc3 b5 4. Bd3 b4 5. Nce2 Ba6 6. e5 g6 7. h4 h5 8. e6 Nf6 9. exf7+ Kxf7 10. Nf3 Ng4 11. Ng5+ Kf6 12. f3 Nh6 13. Bf4 Nf7 14. Be5+ 1-0

[Event "Budapest HUN"]
[Site "?"]
[Date "2003.10.07"]
[Round "4"]
[White "Lantos Attila"]
[Black "Zilahi Gabor"]
[Result "1/2-1/2"]
[WhiteElo "1978"]
[BlackElo "2047"]
[PlyCount "78"]
[EventDate "2003.??.??"]
[Source "www.chesslib.no"]
[SourceDate "2004.05.04"]

1. e4 c6 2. d4 d5 3. Nc3 b5 4. a3 dxe4 5. Nxe4 Nf6 6. Nxf6+ exf6 7. Nf3 Bd6 8. Bd3 O-O 9. h3 Re8+ 10. Be3 f5 11. O-O h6 12. Qc1 Qf6 13. Re1 Nd7 14. c3 Nf8 15. Qc2 Be6 16. Ne5 f4 17. Bd2 Rac8 18. Be4 c5 19. Qd3 Red8 20. Qf3 g5 21. Nc6 Rd7 22. d5 Bf5 23. Bxf5 Qxf5 24. Re2 Ng6 25. g4 Nh4 26. gxf5 Nxf3+ 27. Kg2 Nh4+ 28. Kf1 Nxf5 29. a4 b4 30. Rae1 Bf8 31. Re5 Nh4 32. Re8 Rxe8 33. Rxe8 Ng6 34. c4 Kg7 35. b3 Bd6 36. Bc1 f6 37. Bb2 Ne7 38. Nd8 Nf5 39. Nc6 Ne7 1/2-1/2

[Event "Budapest HUN"]
[Site "?"]
[Date "2003.10.11"]
[Round "8"]
[White "Trajber Daniel"]
[Black "Zilahi Gabor"]
[Result "1/2-1/2"]
[WhiteElo "1962"]
[BlackElo "2047"]
[PlyCount "57"]
[EventDate "2003.??.??"]
[Source "www.chesslib.no"]
[SourceDate "2004.05.04"]

1. e4 c6 2. d4 d5 3. Nc3 b5 4. exd5 b4 5. Nce2 cxd5 6. Nf3 e6 7. Ng3 Bd6 8. Bd3 Nf6 9. Be3 Nbd7 10. c3 Qa5 11. Qc2 Bb7 12. O-O Rc8 13. Rac1 bxc3 14. bxc3 O-O 15. Bd2 Qc7 16. Rfe1 Rfe8 17. Rb1 Bc6 18. Ng5 Nf8 19. Nf3 Rb8 20. Ne5 Rxb1 21. Qxb1 Ba4 22. Bc2 Rb8 23. Qd1 Bxc2 24. Qxc2 Bxe5 25. Rxe5 Ng6 26. Re1 Rb6 27. Rb1 h5 28. Rxb6 axb6 29. f3 1/2-1/2

[Event "Budapest HUN"]
[Site "?"]
[Date "2003.12.08"]
[Round "2"]
[White "Makrai Peter"]
[Black "Zilahi Gabor"]
[Result "0-1"]
[WhiteElo "1892"]
[BlackElo "2047"]
[PlyCount "114"]
[EventDate "2003.??.??"]
[Source "www.chesslib.no"]
[SourceDate "2004.05.04"]

1. e4 c6 2. d4 d5 3. Nc3 b5 4. e5 Bf5 5. Bd3 Bxd3 6. Qxd3 e6 7. Nf3 Nd7 8. O-O Ne7 9. Ne2 Ng6 10. Ng3 Be7 11. Ne1 f5 12. f4 Qb6 13. Kh1 c5 14. c3 a5 15. Nf3 O-O 16. Ne2 c4 17. Qd1 Qc6 18. Bd2 Rfb8 19. a3 Rb7 20. Qc2 Rab8 21. Rfb1 Nb6 22. g3 Qe8 23. Kg2 Nh8 24. h3 Qh5 25. Qd1 Nf7 26. Qc1 Kh8 27. Neg1 Rg8 28. h4 Nd8 29. Qd1 h6 30. Nh2 Qxd1 31. Rxd1 Nc6 32. Ne2 g6 33. Nf3 Kh7 34. Kh3 Ra8 35. Rdb1 Rba7 36. Ne1 b4 37. a4 Rb7 38. Nc2 Nd7 39. Kg2 Rab8 40. cxb4 axb4 41. b3 cxb3 42. Rxb3 Na5 43. Rbb1 Nc4 44. Bc1 b3 45. Ba3 bxc2 46. Rxb7 Rxb7 47. Bxe7 Rb1 48. Ra2 Re1 49. Rxc2 Ne3+ 50. Kf2 Nxc2 51. Nc3 Ra1 52. Bc5 Nxc5 53. dxc5 Nd4 54. Ke3 Nc6 55. Kd2 d4 56. Nd5 exd5 57. e6 Rxa4 0-1

[Event "Budapest HUN"]
[Site "?"]
[Date "2004.02.13"]
[Round "6"]
[White "Czimer Jozsef"]
[Black "Zilahi Gabor"]
[Result "1/2-1/2"]
[WhiteElo "1884"]
[BlackElo "2005"]
[PlyCount "66"]
[EventDate "2004.??.??"]
[Source "www.chesslib.no"]
[SourceDate "2004.05.04"]

1. e4 c6 2. d4 d5 3. Nc3 b5 4. exd5 b4 5. Na4 cxd5 6. Nc5 e6 7. Bb5+ Bd7 8. Nxd7 Nxd7 9. Qd3 Qa5 10. Bd2 a6 11. Bxd7+ Kxd7 12. Nf3 Bd6 13. O-O Nf6 14. a3 Qb6 15. axb4 Ne4 16. c3 f6 17. Be3 g5 18. Nd2 f5 19. Nxe4 fxe4 20. Qd2 h6 21. f3 exf3 22. Rxf3 Rhf8 23. Raf1 a5 24. Rxf8 Rxf8 25. Rxf8 Bxf8 26. bxa5 Qxa5 27. g3 Qa1+ 28. Kg2 Qb1 29. Qf2 Be7 30. h3 h5 31. g4 Qe4+ 32. Qf3 Qc2+ 33. Qf2 Qe4+ 1/2-1/2

[Event "Vitinia WE op"]
[Site "?"]
[Date "1998.??.??"]
[Round "4"]
[White "Vannelli Vittorio"]
[Black "Vignato Giovanni"]
[Result "0-1"]
[WhiteElo "1735"]
[BlackElo "2150"]
[PlyCount "66"]
[EventDate "1998.??.??"]
[Source "www.chesslib.no"]
[SourceDate "2004.05.04"]

1. e4 c6 2. d4 d5 3. Nc3 b5 4. exd5 b4 5. Na4 cxd5 6. Bb5+ Bd7 7. Bxd7+ Nxd7 8. Nf3 Ngf6 9. O-O e6 10. c3 a5 11. Re1 Bd6 12. Bg5 O-O 13. Rc1 Qb8 14. Bxf6 Nxf6 15. Ne5 bxc3 16. Rxc3 Bb4 17. Rf3 Bxe1 18. Rxf6 gxf6 19. Qg4+ Kh8 20. Qh4 Bd2 21. Qxf6+ Kg8 22. Nc6 Rc8 23. Ne7+ Kf8 24. Nc5 Rxc5 25. dxc5 Qf4 26. Qh8+ Kxe7 27. Qxa8 Be1 28. Qa7+ Kf6 29. c6 Bxf2+ 30. Qxf2 Qxf2+ 31. Kxf2 Ke7 32. a3 Kd6 33. Ke3 Kxc6 0-1

[Event "III Open"]
[Site "Palma di Maiorca SPA"]
[Date "2008.12.09"]
[Round "4"]
[White "Trillo Figueroa Vidal, A."]
[Black "Villalonga Coll, J."]
[Result "0-1"]
[WhiteElo "1782"]
[BlackElo "2063"]
[PlyCount "100"]
[EventDate "2008.12.06"]
[Source "www.chesslib.no"]
[SourceDate "2004.05.04"]

1. e4 c6 2. d4 d5 3. Nc3 b5 4. exd5 b4 5. Ne4 cxd5 6. Ng3 Nf6 7. Nf3 Qb6 8. Be2 e6 9. Bf4 Be7 10. O-O a5 11. Ne5 Ba6 12. Bxa6 Qxa6 13. Re1 O-O 14. Re3 Nc6 15. Nxc6 Qxc6 16. Be5 Rfc8 17. c3 bxc3 18. Rxc3 Qb5 19. Rb3 Qa4 20. Rb7 Qxd1+ 21. Rxd1 Kf8 22. h3 Ne8 23. Bf4 Nd6 24. Rb6 Nc4 25. Rb7 g5 26. Bc7 Nxb2 27. Rb1 Nc4 28. f4 Nd6 29. Bxd6 Bxd6 30. Nh5 gxf4 31. Nf6 Kg7 32. Nd7 Rc2 33. Nb6 Rg8 34. Rd7 Bb8 35. Rf1 Kh6 36. g4 f5 37. Re7 fxg4 38. Rxe6+ Rg6 39. Rxg6+ hxg6 40. hxg4 Kg5 41. Nxd5 Kxg4 42. Nf6+ Kf5 43. Nd5 Ke4 44. Ne7 g5 45. Re1+ Kxd4 46. Rd1+ Ke3 47. Re1+ Kf3 48. Rf1+ Kg3 49. Nf5+ Kh3 50. Nd4 Ba7 0-1

[Event "Nuremberg"]
[Site "?"]
[Date "2000.??.??"]
[Round "3"]
[White "Holland Arthur"]
[Black "Wittmann Paul"]
[Result "0-1"]
[WhiteElo "1802"]
[BlackElo "2041"]
[PlyCount "120"]
[EventDate "2000.??.??"]
[Source "www.chesslib.no"]
[SourceDate "2004.05.04"]

1. e4 c6 2. d4 d5 3. Nc3 b5 4. exd5 b4 5. Ne4 cxd5 6. Bb5+ Bd7 7. Bxd7+ Nxd7 8. Ng3 e6 9. Nf3 Ngf6 10. Bf4 Be7 11. O-O O-O 12. Re1 Rc8 13. h3 Re8 14. Qd3 Qb6 15. Rad1 Qc6 16. Re2 Qc4 17. b3 Qxd3 18. Rxd3 Rc6 19. Rd1 Rec8 20. Ne1 Bf8 21. Rc1 Ne8 22. Nd3 Nc7 23. Bxc7 R6xc7 24. Ree1 Rxc2 25. Nf1 R8c3 26. Rxc2 Rxc2 27. Nc1 g6 28. Ne3 Rb2 29. Re2 Rxe2 30. Nxe2 Nb8 31. Kf1 Nc6 32. Ke1 Bg7 33. Nc2 Kf8 34. Kd2 Ke7 35. f4 Kd6 36. Ke3 f6 37. g3 e5 38. fxe5+ fxe5 39. dxe5+ Bxe5 40. Nf4 a5 41. g4 Bf6 42. Nd3 Bg5+ 43. Ke2 Bf6 44. Ke3 Bc3 45. Nf4 Ne5 46. Nd4 Bxd4+ 47. Kxd4 Nf3+ 48. Ke3 Ng5 49. Kd4 Ne6+ 50. Ke3 Nxf4 51. Kxf4 Ke6 52. h4 h6 53. Kf3 Ke5 54. Ke3 d4+ 55. Kd3 Kd5 56. Ke2 Ke4 57. g5 hxg5 58. hxg5 d3+ 59. Kd2 Kd4 60. Kc1 Kc3 0-1

[Event "Sherbrooke op"]
[Site "?"]
[Date "2000.??.??"]
[Round "4"]
[White "Corriveau Philippe"]
[Black "Angers Gilles"]
[Result "1-0"]
[WhiteElo "1755"]
[BlackElo "2055"]
[PlyCount "63"]
[EventDate "2000.??.??"]
[Source "www.chesslib.no"]
[SourceDate "2004.05.04"]

1. e4 c6 2. d4 d5 3. Nc3 b5 4. exd5 b4 5. Ne4 cxd5 6. Nc5 Qb6 7. Nf3 e6 8. Be3 Nf6 9. Be2 Nbd7 10. Nd3 Be7 11. O-O O-O 12. Nfe5 a5 13. Rc1 Ba6 14. Nxd7 Nxd7 15. Ne5 Nxe5 16. Bxa6 Rxa6 17. dxe5 Qc7 18. Bd4 Rc6 19. c3 Rc8 20. g3 bxc3 21. Rxc3 Bb4 22. Rxc6 Qxc6 23. a3 Bc5 24. f4 Qb6 25. Bxc5 Qxc5+ 26. Rf2 Qe3 27. Qe2 Rc1+ 28. Kg2 Qc5 29. Qa6 h6 30. Qa8+ Kh7 31. Qa6 Rc2 32. Qd3+ 1-0